Economics of the environment : (Registro nro. 4300)

Detalles MARC
000 -CABECERA
Campo de control 00892cam a2200265 4500
005 - FECHA Y HORA DE LA ULTIMA TRANSACCION
Campo de control 20191224041732.0
008 - ELEMENTOS DE LONGITUD FIJA—INFORMACION GENERAL
Campo de control 720515s1972 nyua b 000 0 eng
020 ## - ISBN
ISBN 0393052753
040 ## - FUENTE DE CATALOGACIÓN
Agencia catalogadora original DLC
Agencia transcriptora DLC
Agencia Modificadora DLC
-- CO-BoIAVH
041 0# - IDIOMA
Código de idioma para texto/pista de sonido o título separado Inglés
044 ## - PAÍS DE PUBLICACIÓN
País de publicación Estados Unidos
082 00 - NUMERO DE CLASIFICACION DECIMAL DEWEY
Número de clasificación 333.9
Número del ítem E19e
245 00 - MENCION DE TITULO
Título Economics of the environment :
Parte restante del título selected readings.
Mención de responsabilidad Edited by Robert Dorfman and Nancy S. Dorfman.
250 ## - MENCION DE EDICION
Mención de edición Primera edición
260 ## - PUBLICACION, DISTRIBUCION, ETC. (PIE DE IMPRENTA)
Lugar de publicación, distribución, etc. New York,
Nombre del editor, distribuidor, etc. Norton,
Fecha de publicación, distribución, etc. c1972.
300 ## - DESCRIPCION FISICA
Extensión xl, 426 páginas :
Otros detalles físicos Ilustraciones ;
Dimensiones 24 x 16 cm.
504 ## - NOTA DE BIBLIOGRAFIA, ETC.
Nota de bibliografía Incluye referencias bibliográficas páginas 423-426.
650 #0 - ASIENTO SECUNDARIO DE MATERIA - TERMINO TEMATICO
Término temático o nombre geográfico como elemento de entrada Pollution
Subdivisión general Economic aspects.
9 (RLIN) 58785
650 #0 - ASIENTO SECUNDARIO DE MATERIA - TERMINO TEMATICO
Término temático o nombre geográfico como elemento de entrada Environmental policy.
9 (RLIN) 58786
650 16 - ASIENTO SECUNDARIO DE MATERIA - TERMINO TEMATICO
Término temático o nombre geográfico como elemento de entrada Política ambiental
9 (RLIN) 92286
650 26 - ASIENTO SECUNDARIO DE MATERIA - TERMINO TEMATICO
Término temático o nombre geográfico como elemento de entrada Polución
9 (RLIN) 17175
700 1# - ASIENTO SECUNDARIO - NOMBRE PERSONAL
Nombre personal Dorfman, Nancy S.,
Término de relación Editor
9 (RLIN) 58789
700 1# - ASIENTO SECUNDARIO - NOMBRE PERSONAL
Nombre personal Dorfman, Robert
Término de relación Editor
9 (RLIN) 21764
942 ## - ELEMENTOS ADICIONALES (KOHA)
Sistema de clasificación Dewey Decimal Classification
Tipo de ítem Libro
Existencias
Withdrawn status Lost status Sistema de Clasificación Damaged status No para préstamo Colección Inventariado Ubicación Permanente Ubicación actual Fecha de adquisición Fuente de Valor Valor Total Checkouts Número topográfico Inventario / Código de Barras Date last seen Ejemplar Price effective from Forma de adquisición Tipo de material
    Dewey Decimal Classification     General Inventariado 2017 Bogotá Bogotá 24/01/2005 Instituto 39000.00   LB-333.9 E19e 017020 04/12/2012 Ej. 1 04/12/2012   Libro